Utopías y quimeras : guía de viaje por los territorios de la ciencia ficción /

Збережено в:
Бібліографічні деталі
Автор: Trujillo Muñoz, Gabriel (autor)
Формат: Книга
Мова:Іспанська
Опубліковано: México : Jus, 2016, c2016
Предмети:
Онлайн доступ:Ver documento en línea
Теги: Додати тег
Немає тегів, Будьте першим, хто поставить тег для цього запису!

MARC

LEADER 00000nam^a2200000^a^4500
001 000453105
005 20251023000000.0
009 20260310123852.548
020 |a 978-607-9409-55-5 
037 |a Acervo ITESO - Biblioteca 
041 |a ESP 
082 |a 864.  |b TRU 
100 |a Trujillo Muñoz, Gabriel  |e (autor) 
245 1 0 |a Utopías y quimeras :  |b guía de viaje por los territorios de la ciencia ficción /  |c G. Trujillo Muñoz. 
264 4 |a México :  |b Jus,  |c 2016, c2016 
264 2 |a Cartagena, España :  |b Odilo [distribución],  |c 2022 
300 |a 1 libro electrónico en línea (272 p.) 
300 |a 1 recurso en línea 
336 |a datos para computadora  |b cod  |2 rdacontenido 
337 |a computadora  |b c  |2 rdamedio 
338 |a recurso en línea  |b cr  |2 rdasoporte 
506 1 |a 1 licencia 
521 |a Odilo 2022 DIA 
545 0 |a Gabriel Trujillo Muñoz es un escritor, docente y promotor cultural originario de Mexicali, Baja California, nacido en 1958; labora en la Universidad Autónoma de Baja California, y ha sido cronista y crítico de la ciencia ficción mexicana por más de tres décadas, es investigador de la literatura y el periodismo bajacalifornianos, el cine fronterizo y la historia de la ciencia ficción en México; es socio fundador de la Asociación Mexicana de Ciencia Ficción y Fantasía. Desde 2011 fue elegido miembro correspondiente por su ciudad natal, de la Academia Mexicana de la Lengua. Por largo tiempo se ha dedicado a promover las letras en el Noroeste de México y ha sido reconocido, entre muchos otros, con el Premio Estatal de Literatura de Baja California, que ha recibido en nueve ocasiones, lo cual no ha estado exento de controversia: se ha acusado aplicación criterios de premiación que lo han favorecido respecto a otros escritores. Entre sus abundantes escritos y publicaciones, algunos traducidos a diversos idiomas, se encuentran: Tres ensayos sobre el ensayo bajacaliforniano (1988); Los fines: crónica de la ciencia ficción mexicana (1999); la trilogía de Thundra: Orescu, la voz; Orescu, la sangre; y Orescu, la luz; los tres publicados en 2000; Transfiguraciones (2008); Paisajes con figura al centro, poemas 1974-2010 (2011); y Utopías y quimeras, guía de viaje por los territorios de la ciencia ficción (2016). 
649 |a XX 
650 |a Utopía en la Literatura 
650 |a Futuro en la Literatura 
650 |a Ciencia en la Literatura 
650 |a Marte (Planeta) en la Literatura 
650 |a Viajes Interplanetarios en la Literatura 
650 |a Ensayos Mexicanos 
650 |a Literatura de Ciencia-Ficción -  |z México -  |x Historia y Crítica -  |x Tema Principal 
650 |a Literatura de Ciencia-Ficción -  |x Historia y Crítica -  |x Tema Principal 
650 |a Literatura Mexicana -  |y Siglo XXI 
856 4 0 |u https://iteso-odilotk-es.ezproxy.iteso.mx/info/02717619  |y Ver documento en línea 
910 |a Fondo General 
920 |a Electrónicos - Libros en Línea 
930 |a Plataforma Digital 
940 |a Literatura 
905 |a 205 
901 |a 453105-1  |b IT2  |c EBO  |i C180630  |u 20250521 
902 |a https://opac.biblio.iteso.mx/vufind/Record/000453105